CS2/CSGO Orgs with notable trophies - Statistics

General Stats
  • This quiz has been taken 98 times
    78 since last reset
  • The average score is 26 of 49
Answer Stats
Hint Answer % Correct
24 Astralis
97%
22 Vitality
97%
21 Faze
95%
23 Fnatic
92%
30 Natus Vincere
92%
11 G2
91%
13 Mouz
88%
24 Ninjas In Pyjamas
88%
9 Spirit
86%
11 Liquid
83%
16 Virtus Pro
83%
5 Cloud 9
78%
6 Furia
77%
3 Luminosity
77%
9 SK gaming
77%
9 Envyus
70%
10 Gambit
70%
2 The Mongolz
70%
3 Ence
69%
5 Evil Geniuses
67%
1 Falcons
64%
5 BIG
59%
6 Heroic
59%
4 Team LDLC
59%
1 Outsiders
55%
1 MIBR
53%
1 Complexity
52%
1 Tyloo
50%
2 Titan
48%
4 North
41%
2 NRG
39%
1 Legacy
38%
2 iBUYPOWER
34%
1 Renegades
34%
1 Dignitas
31%
1 Optic Gaming
31%
2 Avangar
25%
1 Imperial
25%
5 TSM
23%
1 Immortals
22%
1 Monte
20%
4 VeryGames
19%
1 Hellraisers
17%
1 Tricked
11%
1 Windigo
6%
1 Astana Dragons
3%
1 Gen.G
3%
1 Tempo Storm
3%
1 Clan Mystic
2%
No matching quizzes found
Score Distribution
Percent of People with Each Score
Percentile by Number Answered
Your Score History
You have not taken this quiz since the last reset